Barcelona FC Former and Current Players - Statistics

General Stats
  • This quiz has been taken 223 times
  • The average score is 15 of 17
Answers on the Grid
Answers color-coded by a green-red scale on the quiz's grid according to % correct below.
Andres Iniesta
Kaka
Lamine Yamal
Carles Puyol
Ronaldinho
Cristiano Ronaldo
Lionel Messi
Diego Maradona
Hector Fort
Casemiro
Bruno Fernandes
Xavi
Dembele
Luka Modric
David Beckham
Rodri
Riqui Puig
Pep Guardiola
Balotelli
Frank Lampard
Raphinha
Mbappe
Mikel Arteta
Pepe Reina
Peter Schmiechel
Robert Lewandowski
Mohamed Salah
Angel Di Maria
Ansu Fati
Inaki Pena
 
Answer Stats
Answer % Correct
Andres Iniesta
98%
Lamine Yamal
96%
Xavi
95%
Lionel Messi
94%
Carles Puyol
92%
Ronaldinho
90%
Dembele
88%
Pep Guardiola
88%
Raphinha
88%
Ansu Fati
87%
Robert Lewandowski
87%
Hector Fort
86%
Diego Maradona
85%
Inaki Pena
84%
Riqui Puig
83%
Pepe Reina
71%
Mikel Arteta
64%
No matching quizzes found
Score Distribution
Percent of People with Each Score
Percentile by Number Answered
Your Score History
You have not taken this quiz